Presupuestos y costes standard / (Record no. 31020)

MARC details
000 -LEADER
campo de control de longitud fija 00483nam a2200169 i 4500
001 - NÚMERO DE CONTROL
campo de control 31020
003 - IDENTIFICADOR DE NÚMERO DE CONTROL
campo de control ES-MaACL
005 - FECHA Y HORA DE LA ÚLTIMA TRANSACCIÓN
campo de control 20230906154308.0
007 - CAMPO FIJO DE DESCRIPCIÓN FÍSICA--INFORMACIÓN GENERAL
campo de control de longitud fija t|
008 - DATOS DE LONGITUD FIJA--INFORMACIÓN GENERAL
campo de control de longitud fija 030128s1969 sp ||||1| spa d
100 1# - ENTRADA PRINCIPAL--NOMBRE DE PERSONA
Nombre de persona Batty, J.
9 (RLIN) 26491
245 10 - MENCIÓN DEL TÍTULO
Título Presupuestos y costes standard /
Mención de responsabilidad, etc. por J. Batty ; traducida por: F. Vargas.
260 ## - PUBLICACIÓN, DISTRIBUCIÓN, ETC.
Lugar de publicación, distribución, etc. Madrid :
Nombre del editor, distribuidor, etc. Ibérico Europea,
Fecha de publicación, distribución, etc. [1969]
300 ## - DESCRIPCIÓN FÍSICA
Extensión 495 p. ;
Dimensiones 22 cm.
700 1# - ENTRADA AGREGADA--NOMBRE PERSONAL
Nombre de persona Vargas, F.
9 (RLIN) 113191
852 ## - LOCALIZACIÓN
Ubicación ES-MaACL
Número de control de estantería C-36055
Sublocalización o colección R.68893
Holdings
Estatus retirado Estado de pérdida Estado de daño No para préstamo Biblioteca de origen Biblioteca actual Ubicación en estantería Fecha de adquisición Fuente de adquisición Total de préstamos Signatura topográfica completa Código de barras Visto por última vez Precio de reemplazo Tipo de ítem Koha
        Biblioteca del Ateneo de Madrid Biblioteca del Ateneo de Madrid Depósito 2 17/01/2008     C-36055 1032045 23/02/2023 23/02/2023 Libro impreso